• 首页
  • 本馆介绍
  • 公告通知
  • 最新文献
  • 馆藏检索
  • 电子资源
  • 读者导购
  • 参考咨询
  • 我的图书馆
  • 登录
  • 详细信息显示
  • 放入我的书架
  • 预约/预借图书
  • 作者相关作品
  • 分类相关作品
  • 丛书相关作品
  • 出版社相关作品

书目信息

  • 表格格式
  • 工作单格式
  • 卡片格式
题名:
运动竞赛学
    
 
作者: 汪玮琳 编著
分册:  
出版信息: 北京   中国经济出版社  2004
页数: 456页
开本: 21cm
丛书名:
单 册:
中图分类: G808.2
科图分类:
主题词: 运动竞赛
电子资源:
ISBN: 7-5017-6416-6
000 01162nam0 2200313 450
000 01125nam0 2200301 450
000 01123nam0 2200313 450
000 01069nam0 2200289 450
000 01098nam0 2200277 450
000 01061nam0 2200265 45
001 TS2006025509
005 20061211084433.09
010    @a7-5017-6416-6@dCNY28.00
100    @a20060829d2004 em y0chiy0110 ea
101 0  @achi
102    @aCN@b110000
105    @ay z 000yy
200 1  @a运动竞赛学@AYun Dong Jing Sai Xue@f汪玮琳编著@FWang Wei Lin Bian Zhu
210    @a北京@c中国经济出版社@d2004
215    @a456页@d21cm
300    @a江西省赣南师范学院出版基金赞助
330    @a该书主要论述了:运动竞赛管理的基本理论、组织与管理运动竞赛的基本法则、运动竞赛的特点及规律、运动竞赛体制、运动竞赛方法、运动竞赛规则和规程、常见的各种运动竞赛项目的组织及其编排方法以及计算机在现代运动竞赛中的应用等问题。
606 0  @a运动竞赛
690    @aG808.2@v4
701  0 @a汪玮琳@AWang Wei Lin@4编著
801  0 @aCN@b中图数据@c20061211
905    @a10447@dG808.2@e236
    
    运动竞赛学/汪玮琳编著.-北京:中国经济出版社,2004
    456页;21cm
    江西省赣南师范学院出版基金赞助
    
    ISBN 7-5017-6416-6:CNY28.00
    该书主要论述了:运动竞赛管理的基本理论、组织与管理运动竞赛的基本法则、运动竞赛的特点及规律、运动竞赛体制、运动竞赛方法、运动竞赛规则和规程、常见的各种运动竞赛项目的组织及其编排方法以及计算机在现代运动竞赛中的应用等问题。
●
相关链接 在E读中查询图书 在五车中查询图书 在当当中查询图书 在豆瓣中查询图书


正题名:运动竞赛学     索取号:G808.2/236         预约/预借

序号 登录号 条形码 馆藏地/架位号 状态 备注
1 0610407   206104071   第一样本阅览室/ [索取号:G808.2/236] 在馆    
2 0610408   206104080   第四借阅区/ [索取号:G808.2/236] 在馆    
3 0610409   206104099   第四借阅区/ [索取号:G808.2/236] 在馆    
4 0610410   206104106   第四借阅区/ [索取号:G808.2/236] 在馆    
5 0610411   206104115   第四借阅区/ [索取号:G808.2/236] 在馆    
6 0610412   206104124   第四借阅区/ [索取号:G808.2/236] 在馆    
唐山师范学院图书馆 欢迎您!
大连网信软件有限公司© 版权所有